[Event "VIE-ch U11"]
[Site "Ho Chi Minh City"]
[Date "2014.07.13"]
[Round "1"]
[White "Dang, Le Viet Cuong"]
[Black "Nguyen, Tuan Ngoc"]
[Result "0-1"]
[WhiteElo "1989"]
[BlackElo "1943"]
[PlyCount "96"]
[EventDate "2014.07.13"]
[EventType "swiss"]
[EventRounds "9"]
[EventCountry "VIE"]
[SourceTitle "EXT 2016"]
[Source "ChessBase"]
[SourceDate "2015.10.08"]
[SourceVersion "1"]
[SourceVersionDate "2015.10.08"]
[SourceQuality "1"]

1. e4 c5 2. Nf3 Nc6 3. Bc4 a6 4. 0-0 e6 5. Nc3 b5 6. Be2 d6 7. a3 Nf6 8. d3 Be7 9. Rb1 0-0 10. b4 cxb4 11. axb4 d5 12. exd5 exd5 13. Na2 h6 14. c4 dxc4 15. dxc4 Qxd1 16. Rxd1 Be6 17. Nd4 Nxd4 18. Rxd4 Rac8 19. Be3 Bxc4 20. Bxc4 Rxc4 21. Rxc4 bxc4 22. Rc1 Rc8 23. Kf1 Kf8 24. Ke2 Nd7 25. Bd4 f6 26. Ke3 Ne5 27. f4 Nd3 28. Rb1 Rb8 29. Bc3 Kf7 30. g3 a5 31. b5 Nb4 32. Bxb4 axb4 33. Kd4 Rxb5 34. Kxc4 Rc5+ 35. Kb3 Rc7 36. Nxb4 Bxb4 37. Ra1 Be7 38. Ra2 Kg6 39. h3 f5 40. Ra6+ Bf6 41. Ra3 Rc3+ 42. Kb2 Rxa3+ 43. Kxa3 Bd4 44. Kb3 Bf2 45. g4 Bg3 46. Kc3 Bxf4 47. Kd3 fxg4 48. hxg4 Kg5 0-1